<?xml version="1.0" encoding="UTF-8"?>
<record
    xmlns:xsi="http://www.w3.org/2001/XMLSchema-instance"
    xsi:schemaLocation="http://www.loc.gov/MARC21/slim http://www.loc.gov/standards/marcxml/schema/MARC21slim.xsd"
    xmlns="http://www.loc.gov/MARC21/slim">

  <leader>00504nam a22001817a 4500</leader>
  <controlfield tag="005">20150124121210.0</controlfield>
  <controlfield tag="008">110324t        nyu||||| |||| 00| 0 eng d</controlfield>
  <datafield tag="020" ind1=" " ind2=" ">
    <subfield code="a">0446605409</subfield>
  </datafield>
  <datafield tag="050" ind1="0" ind2="4">
    <subfield code="a">PS3554.E55 </subfield>
    <subfield code="b">P58 1998 </subfield>
  </datafield>
  <datafield tag="100" ind1="1" ind2=" ">
    <subfield code="a">DeMille, Nelson  </subfield>
  </datafield>
  <datafield tag="245" ind1="1" ind2="0">
    <subfield code="a">Plum Island / </subfield>
    <subfield code="c">Nelson DeMlle.  </subfield>
  </datafield>
  <datafield tag="250" ind1=" " ind2=" ">
    <subfield code="a">1a ed.</subfield>
  </datafield>
  <datafield tag="260" ind1=" " ind2=" ">
    <subfield code="a">New York : </subfield>
    <subfield code="b">A Time Warner Company, </subfield>
    <subfield code="c">1998</subfield>
  </datafield>
  <datafield tag="300" ind1=" " ind2=" ">
    <subfield code="a">574 p. ; </subfield>
    <subfield code="c">19 cm. </subfield>
  </datafield>
  <datafield tag="440" ind1=" " ind2="0">
    <subfield code="a">Warner Books </subfield>
  </datafield>
  <datafield tag="650" ind1=" " ind2="7">
    <subfield code="2">lemb</subfield>
    <subfield code="a">Literatura norteamericna </subfield>
  </datafield>
  <datafield tag="942" ind1=" " ind2=" ">
    <subfield code="2">lcc</subfield>
    <subfield code="c">LIB</subfield>
  </datafield>
  <datafield tag="999" ind1=" " ind2=" ">
    <subfield code="c">7472</subfield>
    <subfield code="d">7472</subfield>
  </datafield>
  <datafield tag="952" ind1=" " ind2=" ">
    <subfield code="1">0</subfield>
    <subfield code="2">lcc</subfield>
    <subfield code="4">0</subfield>
    <subfield code="7">0</subfield>
    <subfield code="a">DEP-035-1</subfield>
    <subfield code="b">DEP-035-1</subfield>
    <subfield code="c">GENERAL</subfield>
    <subfield code="d">2011-03-24</subfield>
    <subfield code="e">TRCADI</subfield>
    <subfield code="f">1a ed.</subfield>
    <subfield code="k">EH</subfield>
    <subfield code="o">PS3554.E55 P58 1998 </subfield>
    <subfield code="p">BDI000004525</subfield>
    <subfield code="r">2015-01-16 00:00:00</subfield>
    <subfield code="t">1</subfield>
    <subfield code="v">1.00</subfield>
    <subfield code="y">LIB</subfield>
    <subfield code="z">C&#xF3;digo anterior CAI000001259</subfield>
  </datafield>
</record>
